| 000 | 01129nam a2200289Ia 4500 | ||
|---|---|---|---|
| 001 | dia_1729 | ||
| 003 | CHAP | ||
| 005 | 20230626102701.0 | ||
| 008 | 220117s2005 xx 000 0 und d | ||
| 010 | _a172202 | ||
| 020 | _a970-9801-00-7 | ||
| 040 | _cCHAP | ||
| 082 | _a760.094 P33 2005 | ||
| 245 |
_aPablo O'higgins : voz de lucha y de arte / _c Ricardo Pérez Montfort...[et al.] |
||
| 260 |
_aMéxico : _b Fundación Cultural María y Pablo O'Higgins, _c2005 |
||
| 300 | _a182 p. | ||
| 500 | _aExposiciones en el Antiguo Colegio de San Ildefonso (Obra pictórica) 21 de octubre, 2004 al 27 de febrero, 2005 y en Palacio de Minería (Obra gráfica) 4 de noviembre, 2004 al 30 de enero, 2005 | ||
| 503 | _aD. | ||
| 590 | _aN6559.O38 P33 2005 | ||
| 600 |
_a2. O'Higgins, Pablo, 1904-1983 - Exposiciones \ 4. O'Higgins, Pablo, 1904-1983 - Exhibitions _9151261 |
||
| 650 |
_aMexican painting _x20th century _9151262 |
||
| 650 |
_aPintura mexicana _xSiglo XX _9151263 |
||
| 901 | _a760.094 P33 2005 | ||
| 902 | _aA | ||
| 905 | _a5232272005 mx acdj8225233324spa16 | ||
| 942 |
_cLIBRO _2ddc |
||
| 999 |
_c172202 _d172202 |
||